MESTSKÁ KNIŽNICA GIRALTOVCE  - online katalóg 

Päť stretnutí v nebi (Record no. 10405)

000 -NÁVESTIE
fixed length control field 00749nam a2200217 a 4500
008 - ÚDAJE S PEVNOU DĹŽKOU – VŠEOBECNÉ INFORMÁCIE
fixed length control field 050303s2005||||xo g 000 f slo d
020 ## - MEDZINÁRODNÉ ŠTANDARDNÉ ČÍSLO KNIHY (ISBN)
Medzinárodné štandardné číslo knihy (ISBN) 8055108994
Qualifying information (viaz.)
Údaje o dostupnosti 229
040 ## - ZDROJ KATALOGIZÁCIE
Pôvodná katalogizujúca agentúra SNK
Jazyk katalogizácie slo
Prepisujúca agentúra SNK
041 1# - KÓD JAZYKA
Kód jazyka textu/zvukovej stopy alebo samostatných nápisov slo
Kód jazyka originálu a/alebo sprostredkujúcich prekladov textu eng
072 #7 - KÓD PREDMETOVEJ KATEGÓRIE
Kód predmetovej kategórie 821.111(73)-3
Pododdiel kódu predmetovej kategórie Americká próza
Zdroj konspekt
080 ## - ČÍSLO MEDZINÁRODNÉHO DESATINNÉHO TRIEDENIA (MDT)
Číslo Medzinárodného desatinného triedenia (MDT) 821.111(73)-31
Identifikátor vydania MDT-MRF
044 ## - KÓD KRAJINY VYDAVATEĽA/PRODUCENTA
Kód krajiny MARC xo
Kód krajiny ISO SK
100 1# - OSOBNÉ MENÁ – VŠEOBECNÉ INFORMÁCIE
Osobné meno Albom, Mitch
Dátumy súvisiace s menom 1958-
240 14 - UNIFIKOVANÝ NÁZOV
Unifikovaný názov The five people you meet in heaven
Jazyk diela Slovensky
245 10 - NÁZOV
Názov Päť stretnutí v nebi
Údaj o zodpovednosti atď. Mitch Albom; [z anglického originálu preložil Hviezdoslav Herman]
250 ## - ÚDAJ O PORADÍ VYDANIA
Údaj o poradí vydania [1. vyd.]
260 ## - VYDAVATEĽSKÉ ÚDAJE, DISTRIBÚCIA ATĎ.
Miesto publikovania, distribúcie atď. Bratislava
Názov vydavateľa, distibútora atď. Ikar
Dátum publikovania, distribúcie atď. 2005
300 ## - FYZICKÝ POPIS
Rozsah 159 s.
Rozmery 21 cm
700 1# - PRIDANÝ VSTUP – OSOBNÉ MENO
Osobné meno Herman, Hviezdoslav
Dátumy súvisiace s menom 1951-
Kód roly trl
765 0# - VÄZBA NA PÔVODNÝ JAZYK
Názov The five people you meet in heaven
Záhlavie hlavného vstupu Albom, Mitch, 1958-
Holdings
Stav stiahnutia (Blokovanie) (Withrawn status) Stav straty Zdroj klasifikácie pre skladovanie Stav poškodenia (Damaged status) Nie pre výpožičky (Not for loan) Spôsob nadobudnutia (Collection code) Trvalé umiestnenie Aktuálne umiestnenie Dátum nadobudnutia Náklady, bežná kúpna cena Inventárne číslo (prírastkové číslo) Celkom výpožičky Full call number Čiarový kód Dátum posledného výskytu Dátum poslednej výpôžičky Cena s účinnosťou od Typ jednotky Koha
          Kúpa Mestská knižnica Giraltovce Mestská knižnica Giraltovce 2019-11-29 229.00 09789 2 B 3969 B3969 2026-04-21 2026-02-18 2019-11-29 Krásna literatúra pre dospelých

Powered by Koha